000 01713cam a22004574i 4500
003 PE-LiUPU
005 20250731173303.0
008 150625s1994 miua r 000 0 spa d
020 _a0825410606
035 _a(Sirsi) i9780825410604
040 _aPE-LiUPU
_bspa
_cPE-LiUPU
_erda
049 _aPRUA
082 0 4 _a221.61
_bB479p
_221
100 1 _aBenware, Paul N,
_eautor.
245 1 0 _aPanorama del Antiguo Testamento /
_cPaul N. Benware.
264 1 _aGrand Rapids, Michigan :
_bPortavoz,
_c[1994].
300 _a280 páginas :
_bilustraciones ;
_c10 centímetros.
336 _atext
_2rdacontent
337 _aunmediated
_2rdamedia
338 _avolume
_2rdacarrier
490 1 _a(Comentario Bíblico Portavoz)
505 0 _aIntroducción y visión general -- Introducción al Antiguo Testamento -- Los libros fundamentales -- Génesis -- Exodo y Levítico -- Números y deuteronomio -- Josué -- Jueces y Ruth -- 1 y 2 Samuel -- 1 y 2 Reyes -- 1 y 2 Crónicas -- Esdras y Ester -- Nehemías -- Los libros poéticos -- Los libros proféticos.
526 _aSEG42
526 _aSEG41
526 _aSEG40
526 _aSEG39
526 _aP94
526 _aP87
526 _aP86
526 _aP85
526 _aP77
526 _aP76
526 _aP35
630 _aBiblia.
_pAntiguo Testamento
_xIntroducciones
_95964
700 1 _aEscuain, Santiago,
_etraductor.
700 1 _aDe la Rosa, R. Mercedes,
_etraductor.
942 _2ddc
_cBK
949 _a221 B38
_wDEWEY
_c1
_i56402
_lCCODEBUL1
_mBUL
_p7.00
_r0
_sY
_tBOOK
_u2015-6-25
_xTEOLOGIA
_zUNKNOWN
_0COMPRA
_o.STAFF. Colección Teología
999 _c44416
_d44416
980 _81
_gALBERTO SANCHEZ Responsable de Automatización